<?xml version="1.0" encoding="UTF-8"?>
<record
    xmlns:xsi="http://www.w3.org/2001/XMLSchema-instance"
    xsi:schemaLocation="http://www.loc.gov/MARC21/slim http://www.loc.gov/standards/marcxml/schema/MARC21slim.xsd"
    xmlns="http://www.loc.gov/MARC21/slim">

  <leader>00529nam a22001817a 4500</leader>
  <datafield tag="999" ind1=" " ind2=" ">
    <subfield code="c">525776</subfield>
    <subfield code="d">525776</subfield>
  </datafield>
  <controlfield tag="003">NUST</controlfield>
  <datafield tag="020" ind1=" " ind2=" ">
    <subfield code="q">PB/K</subfield>
  </datafield>
  <datafield tag="038" ind1=" " ind2=" ">
    <subfield code="a">Faiza</subfield>
  </datafield>
  <datafield tag="082" ind1=" " ind2=" ">
    <subfield code="a">891.439092</subfield>
    <subfield code="b">LAL</subfield>
  </datafield>
  <datafield tag="100" ind1=" " ind2=" ">
    <subfield code="a">Malik, Lal Khan</subfield>
    <subfield code="9">16722</subfield>
  </datafield>
  <datafield tag="245" ind1=" " ind2=" ">
    <subfield code="a">Dastaan e Hayaat /</subfield>
    <subfield code="c">Lal Khan Malik</subfield>
  </datafield>
  <datafield tag="260" ind1=" " ind2=" ">
    <subfield code="a">Gujrat :</subfield>
    <subfield code="b">Almir Trust Library,</subfield>
    <subfield code="c">2015.</subfield>
  </datafield>
  <datafield tag="300" ind1=" " ind2=" ">
    <subfield code="a">289 p. ;</subfield>
  </datafield>
  <datafield tag="880" ind1=" " ind2=" ">
    <subfield code="6">100-01\r</subfield>
    <subfield code="a">&#x644;&#x627;&#x644; &#x62E;&#x627;&#x6BA; &#x645;&#x644;&#x6A9;</subfield>
  </datafield>
  <datafield tag="880" ind1=" " ind2=" ">
    <subfield code="6">245-02\r</subfield>
    <subfield code="a">&#x62F;&#x627;&#x633;&#x62A;&#x627;&#x646;&#x650; &#x62D;&#x6CC;&#x627;&#x62A; /</subfield>
  </datafield>
  <datafield tag="880" ind1=" " ind2=" ">
    <subfield code="6">260-03\r</subfield>
    <subfield code="a">&#x6AF;&#x62C;&#x631;&#x627;&#x62A; :</subfield>
    <subfield code="b">&#x627;&#x644;&#x645;&#x6CC;&#x631;&#x679;&#x631;&#x633;&#x679; &#x644;&#x627;&#x626;&#x628;&#x631;&#x6CC;&#x631;&#x6CC;,</subfield>
    <subfield code="c">&#x6F2;&#x6F0;&#x6F1;&#x6F5;.</subfield>
  </datafield>
  <datafield tag="942" ind1=" " ind2=" ">
    <subfield code="2">ddc</subfield>
    <subfield code="c">BK</subfield>
  </datafield>
  <datafield tag="952" ind1=" " ind2=" ">
    <subfield code="0">0</subfield>
    <subfield code="1">0</subfield>
    <subfield code="2">ddc</subfield>
    <subfield code="4">0</subfield>
    <subfield code="7">0</subfield>
    <subfield code="a">CL</subfield>
    <subfield code="b">CL</subfield>
    <subfield code="d">2019-07-04</subfield>
    <subfield code="l">0</subfield>
    <subfield code="o">891.439092 LAL</subfield>
    <subfield code="p">CL-E-736</subfield>
    <subfield code="r">2019-07-04</subfield>
    <subfield code="w">2019-07-04</subfield>
    <subfield code="y">BK</subfield>
  </datafield>
</record>
